Psicoanálisis de los sueños / (Record no. 70699)

MARC details
000 -LEADER
campo de control de longitud fija 00653nam a2200193 i 4500
001 - NÚMERO DE CONTROL
campo de control 70699
003 - IDENTIFICADOR DE NÚMERO DE CONTROL
campo de control ES-MaACL
005 - FECHA Y HORA DE LA ÚLTIMA TRANSACCIÓN
campo de control 20250907063048.0
007 - CAMPO FIJO DE DESCRIPCIÓN FÍSICA--INFORMACIÓN GENERAL
campo de control de longitud fija t|
008 - DATOS DE LONGITUD FIJA--INFORMACIÓN GENERAL
campo de control de longitud fija 040802s1948 ag ||||1| spa d
100 1# - ENTRADA PRINCIPAL--NOMBRE DE PERSONA
Nombre de persona Garma, Ángel,
Fechas asociadas al nombre 1904-1993
9 (RLIN) 55572
245 10 - MENCIÓN DEL TÍTULO
Título Psicoanálisis de los sueños /
Mención de responsabilidad, etc. Angel Garma.
250 ## - MENCION DE EDICION
Mención de edición 2ª ed., muy amp. e ilustrada.
260 ## - PUBLICACIÓN, DISTRIBUCIÓN, ETC.
Lugar de publicación, distribución, etc. Buenos Aires :
Nombre del editor, distribuidor, etc. Asociación Psicoanalítica Argentina,
Fecha de publicación, distribución, etc. 1948 (
Fabricante Sebastián de Amorrortu)
300 ## - DESCRIPCIÓN FÍSICA
Extensión 472 p., 17 lám. :
Otras características físicas il. ;
Dimensiones 23 cm.
710 2# - ENTRADA AGREGADA--NOMBRE DE ENTIDAD CORPORATIVA
Nombre de entidad corporativa o nombre de jurisdicción como elemento de entrada Asociación Psicoanalítica Argentina.
9 (RLIN) 1789
852 ## - LOCALIZACIÓN
Ubicación ES-MaACL
Número de control de estantería D-6685
Sublocalización o colección R.30786
Holdings
Estatus retirado Estado de pérdida Estado de daño No para préstamo Biblioteca de origen Biblioteca actual Ubicación en estantería Fecha de adquisición Fuente de adquisición Total de préstamos Signatura topográfica completa Código de barras Visto por última vez Fecha del último préstamo Precio de reemplazo Tipo de ítem Koha
        Biblioteca del Ateneo de Madrid Biblioteca del Ateneo de Madrid Sala Valle Inclán 17/01/2008   1 D-6685 901074027 05/12/2025 03/12/2025 23/02/2023 Libro impreso